000 00877nas a2200289 4500
001 BR0304626
003 BR-BrBNA
005 20231205104102.0
007 ta
008 230509b bl.|||p| |||| 00| 00por d
040 _aBR-BrBNA
_bpor
_cBiblioteca Nacional de Agricultura
041 _a(Pt)
072 _aF02
100 1 _aBorghezan, M.
100 1 _aMoraes, L.K.A. de
100 1 _aMoreira, F.M.
100 1 _aSilva, A.L. da
245 1 _aPropagação in vitro e avaliação de parâmetros morfofisiológicos de porta-enxertos de videira
650 _aUVA
650 _aPROPAGAÇÃO VEGETATIVA
650 _aPORTA ENXERTO
650 _aCLOROFILA
650 _aBIOMASSA
773 0 _tPesquisa Agropecuária Brasileira (Brazil)
_xISSN 0100-204X
_g(Jul 2003), v. 38(7) p. 783-789
_wBR0304626
909 _a202311
_bLúcia
_c55
_dLúcia Elande
942 _2AGRIS
_n0
_cANA
999 _c176278
_d176278